LEADER 00808nam0-2200301---450- 001 990005572990403321 005 20131024153718.0 035 $a000557299 035 $aFED01000557299 035 $a(Aleph)000557299FED01 035 $a000557299 100 $a19990604d1858----km-y0itay50------ba 101 0 $afre 102 $aFR 105 $aa-------001yy 200 1 $a<>monnaies d'Athènes$fpar E. Beulé 210 $aParis$cRollin$d1858 215 $a417 p.$cill.$d32 cm 610 0 $aMonete greche 676 $a737.4938$v22 700 1$aBeulé,$bCharles Ernest$f<1826-1874>$0400531 801 0$aIT$bUNINA$gRICA$2UNIMARC 901 $aBK 912 $a990005572990403321 952 $aSG 700/C 12$bARCH. 58$fFLFBC 959 $aFLFBC 996 $aMonnaies d'Athènes$9607058 997 $aUNINA LEADER 01256nam0 22002891i 450 001 UON00193667 005 20231205103225.317 010 $a88-14-05307-3 100 $a20030730d1995 |0itac50 ba 101 $aita 102 $aIT 105 $a|||| 1|||| 200 1 $aˆI ‰ Beni culturali e ambientali$fTommaso Alibrandi$gPiergiorgio Ferri 210 $aTerza edizione integralmente rifatta / con la collaborazione di Ilaria Alibrandi 215 $aMilano$cGiuffrè, 1995. XI, 774 p.$d23 cm. 410 1$1001UON00171313$12001 $a Commentario di Legislazione Amministrativa$fcoordinato da Franco Piga$g[et alii]$1210 $aMilano$cGiuffré 606 $aItalia$xBeni culturali$xConservazione$xStudi$3UONC035096$2FI 620 $aIT$dMilano$3UONL000005 700 1$aALIBRANDI$bTommaso$3UONV100485$034282 701 1$aFERRI$bPiergiorgio$3UONV100486$034283 712 $aGiuffrè$3UONV257275$4650 801 $aIT$bSOL$c20250704$gRICA 899 $aSIBA - SISTEMA BIBLIOTECARIO DI ATENEO$2UONSI 912 $aUON00193667 950 $aSIBA - SISTEMA BIBLIOTECARIO DI ATENEO$dSI TRA 0008 $eSI SC 29060 5 0008 996 $aBeni culturali e ambientali$935294 997 $aUNIOR